Геолого-геофизическая характеристика формации Баккен (в сравнении с баженовской свитой); Проблемы геологии и освоения недр; Т. 1
| Parent link: | Проблемы геологии и освоения недр: труды XVIII Международного симпозиума имени академика М. А. Усова студентов и молодых ученых, Томск, 7-11 апреля 2014 г./ Национальный исследовательский Томский политехнический университет (ТПУ), Институт природных ресурсов (ИПР) ; Общество инженеров-нефтяников, международная некоммерческая организация, Студенческий чаптер ; под ред. А. Ю. Дмитриева.— , 2014 Т. 1.— [С. 380-382] |
|---|---|
| Autor principal: | |
| Autor Corporativo: | |
| Outros Autores: | |
| Resumo: | Заглавие с экрана |
| Idioma: | russo |
| Publicado em: |
|
| Colecção: | Геофизические методы исследования земли и поисков и разведки месторождений полезных ископаемых. Геоинформационные системы в геофизических исследованиях |
| Assuntos: | |
| Acesso em linha: | http://earchive.tpu.ru/handle/11683/65872 http://www.lib.tpu.ru/fulltext/c/2014/C11/V1/178.pdf |
| Formato: | Recurso Electrónico Capítulo de Livro |
| KOHA link: | https://koha.lib.tpu.ru/cgi-bin/koha/opac-detail.pl?biblionumber=608265 |
MARC
| LEADER | 00000naa2a2200000 4500 | ||
|---|---|---|---|
| 001 | 608265 | ||
| 005 | 20260319093731.0 | ||
| 035 | |a (RuTPU)RU\TPU\conf\5695 | ||
| 035 | |a RU\TPU\conf\5694 | ||
| 090 | |a 608265 | ||
| 100 | |a 20140924d2014 k y0rusy50 ca | ||
| 101 | 0 | |a rus | |
| 102 | |a RU | ||
| 135 | |a drmn ---uucaa | ||
| 181 | 0 | |a i | |
| 182 | 0 | |a b | |
| 200 | 1 | |a Геолого-геофизическая характеристика формации Баккен (в сравнении с баженовской свитой) |f А. С. Адильбеков |g науч. рук. Г. Г. Номоконова | |
| 203 | |a Текст |c электронный | ||
| 225 | 1 | |a Геофизические методы исследования земли и поисков и разведки месторождений полезных ископаемых. Геоинформационные системы в геофизических исследованиях | |
| 300 | |a Заглавие с экрана | ||
| 320 | |a [Библиогр.: с. 382 (4 назв)] | ||
| 337 | |a Adobe Reader | ||
| 461 | 1 | |0 (RuTPU)RU\TPU\conf\5590 |t Проблемы геологии и освоения недр |o труды XVIII Международного симпозиума имени академика М. А. Усова студентов и молодых ученых, Томск, 7-11 апреля 2014 г. |o в 2 т. |f Национальный исследовательский Томский политехнический университет (ТПУ), Институт природных ресурсов (ИПР) ; Общество инженеров-нефтяников, международная некоммерческая организация, Студенческий чаптер ; под ред. А. Ю. Дмитриева |d 2014 | |
| 463 | 1 | |0 (RuTPU)RU\TPU\conf\5592 |t Т. 1 |v [С. 380-382] | |
| 610 | 1 | |a труды учёных ТПУ | |
| 610 | 1 | |a электронный ресурс | |
| 610 | 1 | |a геолого-геофизическая характеристика | |
| 610 | 1 | |a формации | |
| 610 | 1 | |a баженовская свита | |
| 610 | 1 | |a формация Баккен | |
| 610 | 1 | |a черные сланцы | |
| 610 | 1 | |a коллекторы | |
| 700 | 1 | |a Адильбеков |b А. С. | |
| 702 | 1 | |a Номоконова |b Г. Г. |c геолог |c доцент Томского политехнического университета, кандидат геолого-минералогических наук |f 1942- |g Галина Георгиевна |4 727 | |
| 712 | 0 | 2 | |a Национальный исследовательский Томский политехнический университет (ТПУ) |b Институт природных ресурсов (ИПР) |b Кафедра геофизики (ГЕОФ) |3 (RuTPU)RU\TPU\col\18667 |
| 801 | 2 | |a RU |b 63413507 |c 20210915 |g RCR | |
| 856 | 4 | |u http://earchive.tpu.ru/handle/11683/65872 | |
| 856 | 4 | |u http://www.lib.tpu.ru/fulltext/c/2014/C11/V1/178.pdf | |
| 942 | |c BK | ||